Actividad hemolítica en hongos comestibles, tóxicos y de comestibilidad controvertida (Registro nro. 572)

Detalles MARC
000 -LEADER
fixed length control field 00788nab a22002057a 4500
001 - CONTROL NUMBER
control field 572
005 - DATE AND TIME OF LATEST TRANSACTION
control field 20251201093157.0
006 - FIXED-LENGTH DATA ELEMENTS--ADDITIONAL MATERIAL CHARACTERISTICS
fixed length control field a|||||r|||| 00| 0
007 - PHYSICAL DESCRIPTION FIXED FIELD--GENERAL INFORMATION
fixed length control field c| aa aaaaa
008 - FIXED-LENGTH DATA ELEMENTS--GENERAL INFORMATION
fixed length control field 251201b |||||||| |||| 00| 0 eng d
040 ## - Fuente de catalogación
Agencia de catalogación original AR-EsCIE
Transcribing agency AR-EsCIE
100 1# - MAIN ENTRY--PERSONAL NAME
Personal name Parada, Romina B.
9 (RLIN) 1129
245 1# - TITLE STATEMENT
Title Actividad hemolítica en hongos comestibles, tóxicos y de comestibilidad controvertida
700 1# - ADDED ENTRY--PERSONAL NAME
Personal name Pildain, María Belén,
Dates associated with a name 1972-
9 (RLIN) 22
700 1# - ADDED ENTRY--PERSONAL NAME
Personal name Barroetaveña, Carolina,
Dates associated with a name 1971-
9 (RLIN) 21
773 ## - HOST ITEM ENTRY
Parte(s) relacionada(s) p. 364-365
Título IV Reunión argentina de Micología IX Congreso latinoamericano de micotoxicología : 21-24 de octubre de 2025, San Carlos de Bariloche)
856 ## - ELECTRONIC LOCATION AND ACCESS
Uniform Resource Identifier <a href="http://www.ciefap.org.ar/digitalizado/Parada_364_365_congreso.pdf">http://www.ciefap.org.ar/digitalizado/Parada_364_365_congreso.pdf</a>
910 ## - Datos del catalogador
User-option data PG251201
942 ## - ADDED ENTRY ELEMENTS (KOHA)
Source of classification or shelving scheme Dewey Decimal Classification
Koha item type Recurso electrónico
Suppress in OPAC No
Existencias
Withdrawn status Lost status Source of classification or shelving scheme Damaged status Not for loan Home library Current library Date acquired Total checkouts Date last seen Price effective from Koha item type
    Dewey Decimal Classification     CIEFAP CIEFAP 12/01/2025   12/01/2025 12/01/2025 Recurso electrónico